| 000 | 01077cam a2200229 4500 | ||
|---|---|---|---|
| 001 | ABS65870 | ||
| 008 | 020910n2002 000 0 eng u | ||
| 035 | _a(Sirsi) u119658 | ||
| 100 | _aDonati, M. | ||
| 245 | _aRadiating confidence | ||
| 260 | _c2002 | ||
| 490 |
_aPlanning (for the Natural and Built Environment) _v16 August 2002, 13-15(3) |
||
| 520 | _aArticles on the telecommunications industry. Includes detail on the clearing of planning hurdles and the development of mobile phone masts. Argues for the importance of planners in the industry that are driving the business forward as the demand for new installations will be increasing over the next 10 years. Mentions the 'Ten commitments' set up by the network operators trade body that sets out the industry's responsibilities to the public. | ||
| 590 | _aABS | ||
| 650 | _aTELECOMMUNICATIONS INDUSTRY | ||
| 650 | _aMOBILE PHONES | ||
| 650 | _aMASTS | ||
| 650 | _aTEN COMMITMENTS | ||
| 650 | _aPLANNING PROFESSION | ||
| 690 | _aENVIRONMENTAL AND LAND CONSULTANCY-PLANNING AND DEVELOPMENT | ||
| 942 | _n0 | ||
| 999 |
_c71132 _d71132 |
||